00604 2200217 4500001002100000005001500021035002000036007000300056008004100059020002200100082001200122084001800134100002100152245009100173250001700264260004000281300001500321650001500336700002000351990001500371INLIS00000000000807620250813115042 a0010-0825000410ta250813 0 ind  a978-602-6322-48-7 a370.114 a370.114 KOK p0 aKokom Komalasari1 aPendidikan Karakter :bKonsep Dan Aplikasi Living Values Education /cKokom Komalasari a1, cet. ke-1 aBandung :bPT Refika Aditama,c2017 ax, 302 hlm 4aPendidikan0 aDidin Saripudin a2025002129